Clínica hospital de la gomera

Esta tesis tiene como fin el de contribuir en las soluciones hospitalarias, esta orienta en relación directa con lo preestablecido.

Bibliographic Details
Main Author: Arana Leal, Erwin
Other Authors: Tutor: León, J. Bejamin de
Format: Tesis Section = Libro
Language:Undetermined
Spanish
Published: Guatemala USAC-G 1975
Subjects:
LEADER 00756nam a2200217Ia 4500
008 240830s9999 xx 000 0 und d
040 |a BIBLIOTECA-RUSB/ Mon 725.511281635 A662 
041 |a spa 
082 |a Mon 725.511281635 A662 
100 1 |a Arana Leal, Erwin 
245 1 0 |a Clínica hospital de la gomera 
260 |a Guatemala  |b USAC-G  |c 1975 
300 |a 62 p. :il. 
502 |a Tesis (Arquitecto) - USAC-G, 1975. 
520 3 |a Esta tesis tiene como fin el de contribuir en las soluciones hospitalarias, esta orienta en relación directa con lo preestablecido. 
650 7 |a HOSPITAL GENERALES Y SANITARIOS 
650 7 |b  HOSPITALES (LA GOMERA GUATEMALA) 
700 1 |a Tutor:  |b León, J. Bejamin de 
942 |c BK  |2 ddc 
991 |a TESIS 
999 |c 21262